000 00300nam a22001337a 4500
003 SGT
082 _a543 KAU
100 _aKAUR,H
245 _aINSTRUMENTAL METHODS OF CHEMICAL ANALYSIS
260 _aMEERUT
_bPRAGATI PRAKASHAN
_c2016
300 _a1176
650 _aCHEMISTRY
942 _2ddc
_cFPS
_022
999 _c10002
_d10002